| 000 | 00683nam a2200229 u 4500 | ||
|---|---|---|---|
| 005 | 20240228064211.0 | ||
| 008 | 150317s1994 r 000 0 eng d | ||
| 020 | _a0590293605 | ||
| 035 | _aUPN01000202527 | ||
| 049 | _aI | ||
| 050 | 4 |
_aPZ7 _bF7.2 |
|
| 100 | 1 |
_aFranco, Betsy, _d1947- _936891 |
|
| 245 | 1 | 0 |
_aBeto y Pedro / _cBetsy Franco ; il. Stacey Schuett. |
| 260 |
_aNew York : _bScholastic, _cc1994. |
||
| 300 |
_a16 p. : _bprincipalmente il. col. |
||
| 534 |
_pTítulo original: _tBo and Peter |
||
| 650 | 4 |
_aLibros y lectura para niños _92290 |
|
| 650 | 7 |
_aAmistad entre niños _2 _94319 |
|
| 700 | 1 |
_aSchuett, Stacey, _eil. |
|
| 905 | _ainfantil | ||
| 999 |
_c174628 _d174628 |
||